Search the Library Catalogue
| 000 -LEADER | |
|---|---|
| fixed length control field | 00675nam a2200217Ia 4500 |
| 008 - FIXED-LENGTH DATA ELEMENTS--GENERAL INFORMATION | |
| fixed length control field | 191130s1999##################000#0#eng## |
| 020 ## - INTERNATIONAL STANDARD BOOK NUMBER | |
| ISBN | 9780520219465 |
| 082 ## - DEWEY DECIMAL CLASSIFICATION NUMBER | |
| Classification number | 330 FIN |
| 100 ## - MAIN ENTRY--AUTHOR NAME | |
| Personal name | Finley, M. I |
| 245 ## - TITLE STATEMENT | |
| Title | The ancient economy |
| Statement of responsibility, etc | by M. I. Finley ; with a foreword by Ian Morris |
| 250 ## - EDITION STATEMENT | |
| Edition statement | Updated ed |
| 260 ## - PUBLICATION, DISTRIBUTION, ETC. (IMPRINT) | |
| Place of publication | Berkeley |
| Name of publisher | University of California Press |
| Year of publication | 1999 |
| 300 ## - PHYSICAL DESCRIPTION | |
| Number of Pages | xxxvi, 262 p. : map ; 23 cm |
| 500 ## - GENERAL NOTE | |
| General note | Includes bibliographical references (p. [211]-254) and index |
| 650 ## - SUBJECT ADDED ENTRY--TOPICAL TERM | |
| Topical Term | Economic history - To 500 |
| 991 ## - | |
| -- | 24599 |
No items available.